Tom kecil
| Other Authors: | |
|---|---|
| Format: | Book |
| Published: |
Kuala Lumpur :
Teachatot Publications ,
2005
|
| Series: | Siri cerita dongeng ajaib
|
| Subjects: |
MARC
| LEADER | 00000cam a2200000 7i4500 | ||
|---|---|---|---|
| 001 | 0000001330 | ||
| 005 | 20151222.0 | ||
| 008 | 070704 | ||
| 020 | |a 9833450369 | ||
| 090 | 0 | 0 | |a JF |b FT MAL (1458) |
| 245 | 1 | 0 | |a Tom kecil |c Penterjemah Fauziah Abdul Aziz |
| 260 | |a Kuala Lumpur : |b Teachatot Publications , |c 2005 | ||
| 440 | |a Siri cerita dongeng ajaib | ||
| 500 | |a Children ages 7-9 years old (orange) | ||
| 650 | 0 | |a Fiction | |
| 650 | 0 | |a Judul | |
| 650 | 0 | |a Siri | |
| 650 | 0 | |a Tales | |
| 700 | 1 | |a Penterjemah Fauziah Abdul Aziz | |
| 999 | |a 0000955241 |b Book |c Children Collection |e Perbadanan Perpustakaan Awam Johor | ||